• 首页
  • 本馆介绍
  • 公告通知
  • 最新文献
  • 馆藏检索
  • 电子资源
  • 读者导购
  • 参考咨询
  • 我的图书馆
  • 登录
  • 详细信息显示
  • 放入我的书架
  • 预约/预借图书
  • 作者相关作品
  • 分类相关作品
  • 丛书相关作品
  • 出版社相关作品

书目信息

  • 表格格式
  • 工作单格式
  • 卡片格式
题名:
建筑论谈
    
 
作者: 曾昭奋 著
分册:  
出版信息: 天津   天津大学出版社  2018
页数: 475页
开本: 27cm
丛书名:
单 册:
中图分类: TU-53
科图分类:
主题词: 建筑科学--文集
电子资源:
ISBN: 978-7-5618-6035-9
000 00777nam0 2200241 450
001 0036371629
005 20181023152051.0
010    @a978-7-5618-6035-9@b@dCNY82.00
100    @a20181011d2018 em y0chiy50 ea
101 0  @achi
102    @aCN@b120000
105    @aa z 000yy
106    @ar
200 1  @a建筑论谈@9jian zhu lun tan@f曾昭奋著@g
210    @a天津@c天津大学出版社@d2018
215    @a475页@c图,照片@d27cm
330    @a本书分为评论、杂谈、青年建筑师等栏目,收录《建筑形式的袭旧与创新——读“神似”之议随想》《建筑创作要面向现代化——以北京为例》《后现代主义来到中国》等文章。
606 0  @a建筑科学@j文集
690    @aTU-53@v5
701  0 @a曾昭奋@9zeng zhao fen@4著
801  0 @aCN@bMUSE@c20181206@g
905    @aBZT@dTU-53@e1
906    @dCNY82.00@n3@r1
    
    建筑论谈/曾昭奋著.-天津:天津大学出版社,2018
    475页:图,照片;27cm
    
    
    ISBN 978-7-5618-6035-9:CNY82.00
    本书分为评论、杂谈、青年建筑师等栏目,收录《建筑形式的袭旧与创新——读“神似”之议随想》《建筑创作要面向现代化——以北京为例》《后现代主义来到中国》等文章。
●
相关链接 在五车中查询图书 在当当中查询图书 在豆瓣中查询图书


正题名:建筑论谈     索取号:TU-53/1         预约/预借

序号 登录号 条形码 馆藏地/架位号 状态 备注
1 855076   2000855076   第二书库/ [索取号:TU-53/1] 在馆    
2 855077   2000855077   第二书库/ [索取号:TU-53/1] 在馆    
3 855078   2000855078   第二书库/ [索取号:TU-53/1] 在馆    
山东省滨州职业学院图书馆 欢迎您!
大连网信软件有限公司© 版权所有